| 000 | 00932ngm a22003130a 4500 | ||
|---|---|---|---|
| 001 | PT19533 | ||
| 003 | AR-LpoUNG | ||
| 005 | 20210202000311.0 | ||
| 007 | vd cvaizq | ||
| 008 | 191001s1960||||ag |||||||||||||||||eng d | ||
| 037 | _c$9.96 | ||
| 040 |
_aAR-LpoUNG _bspa _cAR-LpoUNG _eaacr |
||
| 044 | _aag | ||
| 082 | 0 | _a891.73 465dam | |
| 100 | 1 |
_aHeifits, Josif _edir. |
|
| 245 | 1 | 3 | _aLa dama del perrito |
| 260 |
_aBuenos Aires : _bCultural Video, _c1960. |
||
| 300 | _aVHS (90 min.) : son., byn | ||
| 505 | 0 | _aGuión: Anton Pavlovich Chekhov. | |
| 520 | _aAmbientada en el fin del siglo xix, en Yalta, describe, con minuciosidad psicológica, la evolución de un romance que nace casi como un juego frívolo y se prolonga en una relación. | ||
| 650 | 4 | _aLITERATURA | |
| 650 | 4 | _aTEATRO | |
| 651 | 4 | _aURSS | |
| 653 | _aCHEJOV, ANTON | ||
| 653 | _aRUSIA | ||
| 653 | _aVIDEOS | ||
| 905 | _a19533 | ||
| 942 | _cVIDEO | ||
| 999 |
_c54561 _d54561 |
||